00986 2200337 4500001002100000005001500021007000300036008004100039020002200080035002000102040001700122041000800139082001400147084002000161090002500181100002600206245006300232250000900295260003000304300003700334500007400371504003000445600001700475700002600492850001000518990002400528990002400552990002400576990002400600990002400624INLIS00000000000246420260602074842ta260602 0  a978-979-29-7010-4 a0010-0220000315 aSBPUPADbind0 aind a320.1.076 a320.1.076 LIN i a320.1.076 LIN i T3-30 aLintje Anna Marpaung:1 aIlmu Negara /cLintje Anna Marpaung, Editor: Arie Pramesta aEd.1 aYogyakarta :bANDI,c2018 ax, 246 hlm, :bilus. ;c16x23 Cm aIndeks, hlm 245-246; Glasarium, hlm 237-241; Tentang Penulis, 243-244 aBibiliografi, hlm 231-235 4aIlmu Politik0 aEditor: Arie Pramesta aPUPAD a33.367/DAK/DPK/2019 a33.368/DAK/DPK/2019 a33.369/DAK/DPK/2019 a33.370/DAK/DPK/2019 a33.370/DAK/DPK/2019